| 000 | 00638nam a2200241 a 4500 | ||
|---|---|---|---|
| 001 | nice12345678 | ||
| 003 | IN_TiNIC | ||
| 005 | 20260116011402.0 | ||
| 008 | 050524s1971 newa grp 000 0 eng | ||
| 020 |
_a _c100 |
||
| 082 | 0 | 0 |
_a233 _bMEG |
| 100 | _aMegiddo Mission Church, | ||
| 245 | _aGod`s Spiritual Creation(treatise on the First of Genesis) | ||
| 260 |
_aNew York _bMegiddo Mission Church _c1971 |
||
| 300 | _a87p | ||
| 500 | _aincludes index and biblioraphy | ||
| 505 | 2 | _aArabic-Urdu | |
| 650 | _aMan-Christian Theology | ||
| 700 | 1 | _aMegiddo Mission Church, | |
| 902 | _bSRS | ||
| 942 | _cBK | ||
| 999 |
_c1072 _d1072 |
||